000 00296nam a22001337a 4500
008 170522b xxu||||| |||| 00| 0 eng d
020 _a9780521644129
041 _aeng
080 _a94
100 _a16
101 _aSHH
245 _a HISTORY SAUDI ARABIA
_cAL RASHIED.M
942 _2udc
_cBK
999 _c13698
_d13698